Learning Resource and Development

Growth and development through the lifespan (Record no. 2316)

MARC details
000 -LEADER
fixed length control field 00886nam a22002777a 4500
005 - DATE AND TIME OF LATEST TRANSACTION
control field 20230512221558.0
008 - FIXED-LENGTH DATA ELEMENTS--GENERAL INFORMATION
fixed length control field 180302t xxu||||| |||| 00| 0 eng d
020 ## - INTERNATIONAL STANDARD BOOK NUMBER
International Standard Book Number 9789715847759
040 ## - CATALOGING SOURCE
Transcribing agency CSPC
082 0# - DEWEY DECIMAL CLASSIFICATION NUMBER
Classification number 305.2
Item number T347g
100 ## - MAIN ENTRY--PERSONAL NAME
Personal name Thies, Kathleen M.,
Relator term author.
245 00 - TITLE STATEMENT
Title Growth and development through the lifespan
Remainder of title quick look nursing/
Statement of responsibility, etc. Kathleen M. Thies
260 ## - PUBLICATION, DISTRIBUTION, ETC.
Place of publication, distribution, etc. Boston :
Name of publisher, distributor, etc. Jones and Bartlett Publishers ;
Date of publication, distribution, etc. 2009.
300 ## - PHYSICAL DESCRIPTION
Extent xiv, 401 pages :
Other physical details figures, tables ;
Dimensions 24 cm.
500 ## - GENERAL NOTE
General note Includes Index.
650 10 - SUBJECT ADDED ENTRY--TOPICAL TERM
Topical term or geographic name entry element Developmental psychology.
650 10 - SUBJECT ADDED ENTRY--TOPICAL TERM
Topical term or geographic name entry element Nursing.
650 10 - SUBJECT ADDED ENTRY--TOPICAL TERM
Topical term or geographic name entry element Personality development.
650 10 - SUBJECT ADDED ENTRY--TOPICAL TERM
Topical term or geographic name entry element Human growth.
650 10 - SUBJECT ADDED ENTRY--TOPICAL TERM
Topical term or geographic name entry element Life cycle, Human.
700 1# - ADDED ENTRY--PERSONAL NAME
Personal name Travers, John F.,
Relator term author.
940 ## - EQUIVALENCE OR CROSS-REFERENCE--UNIFORM TITLE [OBSOLETE] [CAN/MARC only]
Uniform title <a href="yves">yves</a>
942 ## - ADDED ENTRY ELEMENTS (KOHA)
Koha item type
-- NUR 305.2 T347g 2009
Holdings
Withdrawn status Lost status Damaged status Not for loan Home library Current library Shelving location Date acquired Total Checkouts Full call number Barcode Date last seen Copy number Price effective from Koha item type
        Main Library Main Library Nursing Section 05/12/2023   NUR 305.2 T347g 2009 011020 05/12/2023 1-1 05/12/2023 Books